00242nam a2200097Ia 4500008004100000100001800041245002800059260003500087300000900122650001300131190216s9999||||xx |||||||||||||| ||und|| aRaymond T Bye 0aPrinciples Of Economics bThe Times Of India Pressc1969 a691p aCommerce